| 000 | 00494nam a2200157Ia 4500 | ||
|---|---|---|---|
| 005 | 20250527095040.0 | ||
| 008 | 231217s9999 xx 000 0 und d | ||
| 020 | _a9780819483287 | ||
| 082 | _a681.2 KLE;1 R | ||
| 100 | _aKlein, Lawrence A. | ||
| 245 | 0 | _aSensor and data fusion : a tool for information assessment and decision making | |
| 260 |
_c2004 _bSPIE Press _aWashington |
||
| 300 | _axxii,337 | ||
| 650 | _aSensor,fusion,tool,information,assessment,decision,making | ||
| 942 | _cAA | ||
| 999 |
_c193972 _d193972 |
||